| 000 | 00896nam0a22002531 4500 | ||
|---|---|---|---|
| 001 | v19\rc\1760327 | ||
| 005 | 20260406203704.0 | ||
| 035 | _a(NLR Aleph) 004861078 | ||
| 090 |
_a5011540 _c5011540 |
||
| 100 | _a20061204d1903 |||y0rusy50 ca | ||
| 101 | 0 | _arus | |
| 102 | _aRU | ||
| 105 | _ay z ||||| | ||
| 200 | 1 |
_aУстав Борисо-Глебского при Киево-Подольской Рождество-Предтеченской церкви приходского братства _e[Утв. 18 сент. / 2 окт. 1901 г.] |
|
| 210 |
_aКиев _d1903 |
||
| 215 | _a8 с. | ||
| 710 | 0 | 2 |
_aКиевское Борисо-Глебское братство _9424143 _3RU\NLR\AUTH\889963950 |
| 801 | 0 |
_aRU _bNLR _gpsbo |
|
| 801 | 0 |
_aRU _bRuMoRGB _2psbo |
|
| 801 | 1 |
_aRU _bProSoft-M _2rusmarc |
|
| 852 |
_aNLR _j34.48.3.707 |
||
| 899 |
_aRuMoRGB _jV 114/1390 |
||
| 942 | _cBOOK | ||
| 980 | _aNB | ||